National Water Policy 2010 (Record no. 78724)

MARC details
000 -LEADER
fixed length control field 00851nam a2200169 a 4500
008 - FIXED-LENGTH DATA ELEMENTS--GENERAL INFORMATION
fixed length control field 110713s2010 ||||||||||||||||| || u
050 ## - LIBRARY OF CONGRESS CALL NUMBER
Classification number GOV.ZAM(02)2010/17A
110 ## - MAIN ENTRY--CORPORATE NAME
Corporate name or jurisdiction name as entry element Government of the Republic of Zambia (GRZ). Ministry of Energy and Water Development
245 10 - TITLE STATEMENT
Title National Water Policy 2010
260 ## - PUBLICATION, DISTRIBUTION, ETC.
Place of publication, distribution, etc. Lusaka
Name of publisher, distributor, etc. Government of the Republic of Zambia (GRZ)
Date of publication, distribution, etc. 2010
300 ## - PHYSICAL DESCRIPTION
Extent v, 49p. :ill.
350 ## -
-- 0.00
650 ## - SUBJECT ADDED ENTRY--TOPICAL TERM
Topical term or geographic name entry element NATIONAL WATER POLICY--ZAMBIA
710 ## - ADDED ENTRY--CORPORATE NAME
Corporate name or jurisdiction name as entry element Government of the Republic of Zambia (GRZ)
995 ## -
-- SPECIAL COLLECTIONS
-- 0.00
-- 03007977
-- CBU-MAIN LIBRARY (Kitwe)
-- 1
-- 0.00
-- GOV.ZAM(02)2010/17A
-- 1
-- AVAILABLE
-- Jul 13, 2011
-- 03007977
-- Zambiana Collection
995 ## -
-- SPECIAL COLLECTIONS
-- 0.00
-- 03007978
-- CBU-MAIN LIBRARY (Kitwe)
-- 1
-- 0.00
-- GOV.ZAM(02)2010/17B
-- 2
-- AVAILABLE
-- Jul 13, 2011
-- 03007978
-- Zambiana Collection
999 ## -
-- 78724
-- 78724
Holdings
Withdrawn status Lost status Source of classification or shelving scheme Damaged status Not for loan Permanent Location Current Location Shelving location Date acquired Total Checkouts Full call number Barcode Date last seen Copy number Price effective from Koha item type
          CBU-MAIN LIBRARY, KITWE. CBU-MAIN LIBRARY, KITWE.   06/06/2023   GOV.ZAM(02)2010/17A 03007977 06/06/2023 1 06/06/2023 SPECIAL COLLECTION
          CBU-MAIN LIBRARY, KITWE. CBU-MAIN LIBRARY, KITWE.   06/06/2023   GOV.ZAM(02)2010/17B 03007978 06/06/2023 2 06/06/2023 SPECIAL COLLECTION